000 01104nam a2200301 a 4500
001 BRCA_4203
005 20190320204602.0
008 010610s1989----mx-a######---#000-0#spa-#
020 _a9688406554
041 _aspa
044 _amx
050 4 _aBX808.5
_b.B38 1989
100 1 _aBazarte Martínez, Alicia
_9459
245 1 0 _aLas cofradías de españoles en la ciudad de México
_b(1526-1860)
_cAlicia Bazarte Martínez.
260 _aMéxico
_bUAM, Unidad Azcapotzalco, División de Ciencias Sociales y Humanidades
_c1989
300 _axii, 278 p.
_bil.
_c22 cm.
440 0 _aSerie Humanidades
_910845
440 0 _aBiblioteca de ciencias sociales y humanidades
_910846
500 _aIncluye apéndice gráfico
500 _aEjemplar engargolado
500 _aPor política no se presta a domicilio
504 _aBibliografía: p. 271-278
610 2 4 _aArchicofradía del Santísimo Sacramento y Caridad (Ciudad de México)
_910847
650 1 4 _aCofradías
_xHistoria
_zMéxico
_910848
651 4 _aCiudad de México
_xVida religiosa y costumbres
_910849
902 _aeng
942 _2lcc
_cB
999 _c3918
_d3918